00552nam a2200193 a 4500001001300000003000900013005001700022008004100039020002300080082001300103100002100116245006700137260004500204300000900249500003500258505003100293650001300324700002100337nice12345678IN_TiNIC20260116013327.0050524s1991 dela grp 000 0 eng  a8185574 c15000a266bBON aBonk, Jonathan J aMissions and Moneyb Affluence as a Western Missionary Problem aDelhibIntercultural Publications c1991 a170p aincludes index and biblioraphy2 aSelect Bibliography, Index aMissions1 aBonk, Jonathan J